[Event "Women's Speed Chess Q2"]
[Site "chess.com INT"]
[Date "2020.06.19"]
[Round "8"]
[White "Tania, Sachdev"]
[Black "Stefanova, Antoaneta"]
[Result "0-1"]
[WhiteTitle "IM"]
[BlackTitle "GM"]
[WhiteElo "2392"]
[BlackElo "2462"]
[WhiteFideId "5007844"]
[BlackFideId "2902257"]
[EventDate "2020.06.19"]

1. d4 d5 2. c4 c6 3. Nf3 Nf6 4. Nc3 a6 5. cxd5 cxd5 6. Bf4 Nc6 7. Rc1 Bf5 8. e3
Rc8 9. Be2 e6 10. O-O Be7 11. Na4 Ne4 12. Nd2 Nxd2 13. Qxd2 Bb4 14. Qd1 O-O 15.
a3 Bd6 16. Bxd6 Qxd6 17. Nc5 Rc7 18. Qa4 Rb8 19. Rc3 e5 20. dxe5 Nxe5 21. Rfc1
Re7 22. Qf4 Qf6 23. h3 h6 24. g4 Bg6 25. Qxf6 gxf6 26. f4 Nc4 27. f5 Bh7 28.
Bxc4 dxc4 29. Rxc4 Rxe3 30. Nd7 Rd8 31. Nxf6+ Kg7 32. Nh5+ Kf8 33. Rc8 Ree8 34.
Rxd8 Rxd8 35. Rc2 Bg8 36. Nf6 Kg7 37. Nh5+ Kf8 38. Kf2 a5 39. Ke2 Re8+ 40. Kf3
Rd8 41. Rc7 Rd3+ 42. Ke2 Rd8 43. Rxb7 f6 44. Nxf6 Bc4+ 45. Ke3 Rd3+ 46. Kf4 Rxh3
47. Nd7+ Ke8 48. Ne5 Bd5 49. f6 Bxb7 50. Kf5 Re3 51. f7+ Kf8 52. Kf6 Rxe5 53.
Kxe5 Kxf7 54. Kf4 Kg6 55. Ke5 a4 56. Kd4 Kg5 57. Kc5 Kxg4 58. Kb4 Bc6 59. Kc5
Be8 0-1

[Event "Women's Speed Chess Q2"]
[Site "chess.com INT"]
[Date "2020.06.19"]
[Round "8"]
[White "Vovk, Anastasiia"]
[Black "Kabanova, Ekaterina"]
[Result "0-1"]
[WhiteTitle "WGM"]
[BlackTitle "WFM"]
[WhiteElo "2076"]
[BlackElo "2138"]
[WhiteFideId "14110563"]
[BlackFideId "24112917"]
[EventDate "2020.06.19"]

1. e4 c5 2. c3 e6 3. d4 Qc7 4. Nf3 a6 5. Be2 b5 6. O-O Bb7 7. e5 d6 8. Bf4 Nd7
9. exd6 Bxd6 10. Bxd6 Qxd6 11. dxc5 Qxc5 12. Nbd2 Rd8 13. Nb3 Qc7 14. Qc1 Ngf6
15. a4 bxa4 16. Rxa4 Qb8 17. Nbd4 Nc5 18. Ra3 h5 19. Qg5 Nce4 20. Qe5 Qa8 21.
Nxe6 Rd5 22. Nc7+ Kf8 23. Nxa8 Rxe5 24. Nxe5 Bxa8 25. Rxa6 Bb7 26. Rb6 Bc8 27.
Rb8 Ke7 28. Rd1 Ke6 29. Nf3 Re8 30. Bc4+ Kf5 31. Nh4+ Kg5 32. Nf3+ Kg6 33. Bb5
Bd7 34. Rxe8 Bxe8 35. Bxe8 Nxe8 36. Re1 N8f6 37. Nd4 Nd2 38. Rd1 Nc4 39. b3 Nb6
40. c4 Ne4 41. Kf1 Nc3 42. Rc1 Na2 43. Rc2 Nb4 44. Rd2 Kf6 45. c5 Nc8 46. Nb5
Ke5 47. Ke2 Ne7 48. Nc3 Nec6 49. Na2 f5 50. Nxb4 Nxb4 51. Rd8 f4 52. Kf3 g5 53.
Rg8 Kf5 54. h3 Nc6 55. Rc8 Nd4# 0-1

[Event "Women's Speed Chess Q2"]
[Site "chess.com INT"]
[Date "2020.06.19"]
[Round "8"]
[White "Sliwicka, Alicja"]
[Black "Arabidze, Meri"]
[Result "0-1"]
[WhiteTitle "WIM"]
[BlackTitle "IM"]
[WhiteElo "2317"]
[BlackElo "2428"]
[WhiteFideId "1150677"]
[BlackFideId "13604040"]
[EventDate "2020.06.19"]

1. e4 c5 2. Nf3 e6 3. d4 cxd4 4. Nxd4 Nc6 5. Nc3 a6 6. Nb3 Nf6 7. Bd3 Qc7 8. O-O
Be7 9. Bd2 O-O 10. f4 d6 11. Qf3 b5 12. Rae1 Bb7 13. Qh3 g6 14. f5 Ne5 15. Bg5
exf5 16. exf5 b4 17. Bxf6 Bxf6 18. Ne4 Bxe4 19. Bxe4 Rac8 20. fxg6 fxg6 21. Kh1
Bg7 22. Nd4 Rxf1+ 23. Rxf1 Re8 24. Bd5+ Kh8 25. c3 bxc3 26. bxc3 a5 27. Ne6 Qd7
28. c4 h6 29. Rb1 Qa4 30. Qg3 Qxa2 31. Rf1 Rb8 32. Qe1 Rb2 33. Nf4 g5 34. Nh5
Re2 35. Qd1 Qd2 36. Qb1 Rf2 37. Nxg7 Rxf1+ 38. Qxf1 Kxg7 39. h3 a4 40. Qb1 a3
41. Qb7+ Kf6 42. Qc7 Qc1+ 43. Kh2 Qf4+ 44. Kh1 Qf1+ 45. Kh2 Qf4+ 46. Kh1 Nd3 47.
Qd8+ Ke5 48. Qh8+ Qf6 49. Qe8+ Kd4 50. Qe2 Kc3 51. Kg1 Qd4+ 52. Kh2 Qf4+ 53. Kg1
Qc1+ 54. Kh2 Qc2 55. Qe8 a2 56. Qh8+ Kd2 57. Be4 Qc3 58. Qa8 Qe5+ 59. g3 a1=Q
60. Qb7 Qed4 0-1

[Event "Women's Speed Chess Q2"]
[Site "chess.com INT"]
[Date "2020.06.19"]
[Round "8"]
[White "Diakonova, Ekaterina"]
[Black "Pham, Bich Ngoc"]
[Result "0-1"]
[BlackTitle "WIM"]
[WhiteElo "2209"]
[BlackElo "2235"]
[WhiteFideId "24172936"]
[BlackFideId "12401285"]
[EventDate "2020.06.19"]

1. e4 g6 2. d4 Bg7 3. c4 d6 4. Nc3 Nc6 5. d5 Nd4 6. Be3 c5 7. dxc6 Nxc6 8. Nf3
Nf6 9. Nd4 Ng4 10. Nxc6 bxc6 11. Bd4 e5 12. Be3 Nxe3 13. fxe3 O-O 14. Qd3 Qb6
15. O-O-O Bg4 16. Be2 Bxe2 17. Qxe2 Rfd8 18. Rd3 a5 19. Na4 Qb4 20. b3 Rac8 21.
Qd2 d5 22. Qxb4 axb4 23. exd5 cxd5 24. Nb6 dxc4 25. Rxd8+ Rxd8 26. Nxc4 e4 27.
Rd1 Ra8 28. Kb1 Bc3 29. Nd6 Rd8 30. Kc2 f5 31. Nc4 Ra8 32. Kb1 Kg7 33. g3 Kf6
34. h4 Ke7 35. Rd5 h6 36. Nb6 Rb8 37. Na4 Be1 38. Nb2 Bxg3 39. h5 gxh5 40. Rxf5
h4 41. Rh5 Rh8 42. Nc4 Kf6 43. Nd2 Kg6 44. Rc5 h3 45. Rc1 Re8 46. Nf1 Be5 47.
Rc2 h5 48. a4 bxa3 49. Ka2 h4 50. Kxa3 Rf8 51. Nh2 Bg3 52. b4 Rf2 53. Rxf2 Bxf2
54. b5 Bxe3 55. Kb4 Bg1 56. Nf1 h2 57. Nxh2 Bxh2 58. Kc3 h3 59. Kd4 Bb8 60. Kxe4
h2 61. Kd5 h1=Q+ 62. Kc4 Qb7 63. Kc5 Kf6 64. Kc4 Ke6 65. Kc5 Kd7 66. Kc4 Kd6 67.
Kb4 Kd5 68. Ka4 Kc5 69. Kb3 Qxb5+ 70. Kc3 Qb4+ 71. Kd3 Be5 72. Ke3 Qd4+ 73. Kf3
Kd5 0-1

[Event "Women's Speed Chess Q2"]
[Site "chess.com INT"]
[Date "2020.06.19"]
[Round "8"]
[White "Rivera, Ingris"]
[Black "Zakirova, Aisha"]
[Result "1-0"]
[WhiteTitle "WIM"]
[BlackTitle "WCM"]
[WhiteElo "2249"]
[BlackElo "1585"]
[WhiteFideId "4402472"]
[BlackFideId "13719734"]
[EventDate "2020.06.19"]

1. d4 Nf6 2. c4 e6 3. Nf3 b6 4. Nc3 Bb4 5. Bg5 h6 6. Bh4 O-O 7. e3 Be7 8. Be2
Bb7 9. O-O d5 10. Rc1 Nbd7 11. Ne5 Nxe5 12. dxe5 Ne4 13. Bxe7 Qxe7 14. cxd5 Nxc3
15. Rxc3 Bxd5 16. Qc2 Qg5 17. f3 Qxe5 18. f4 Qd6 19. Rxc7 Bxa2 20. Rd1 Qb4 21.
Ra1 Bb3 22. Qc3 Qxc3 23. Rxc3 Bd5 24. Rc7 a5 25. Bf3 Bxf3 26. gxf3 Rfd8 27. Rb7
Rd6 28. Rc1 Rad8 29. Rcc7 Rd1+ 30. Kg2 R1d2+ 31. Kg3 Rf8 32. Rxb6 Rd3 33. e4 a4
34. Rc4 Rfd8 35. Rxa4 Rd2 36. Rb7 R8d3 37. Ra8+ Kh7 38. Rxf7 Re3 39. Raa7 Re1
40. Rxg7+ Kh8 41. Rh7+ Kg8 42. Rhc7 Rg1+ 43. Kh3 Rd8 44. Re7 Rf1 45. Rxe6 Rxf3+
46. Kg4 Rb3 47. Rxh6 Rxb2 48. Rg6+ Kh8 49. Kf5 Rf8+ 50. Rf6 Re8 51. e5 1-0

[Event "Women's Speed Chess Q2"]
[Site "chess.com INT"]
[Date "2020.06.19"]
[Round "8"]
[White "Mamedjarova, Zeinab"]
[Black "Shpanko, Nadiia"]
[Result "1/2-1/2"]
[WhiteTitle "WGM"]
[BlackTitle "WIM"]
[WhiteElo "2274"]
[BlackElo "2235"]
[WhiteFideId "13401521"]
[BlackFideId "14132400"]
[EventDate "2020.06.19"]

1. d4 Nf6 2. Nf3 d5 3. e3 e6 4. Bd3 c5 5. b3 Nc6 6. O-O Bd6 7. dxc5 Bxc5 8. a3
O-O 9. Bb2 b6 10. c4 dxc4 11. Bxc4 Bb7 12. Nc3 Na5 13. Bd3 Nxb3 14. Rb1 Na5 15.
Qe2 Qe7 16. Na4 Bxa3 17. Bc3 Nc6 18. Ng5 h6 19. Bxf6 Qxf6 20. Nh7 Qh4 21. Nxf8
Rxf8 22. Nc3 Ne5 23. Bc2 Bc5 24. h3 Rc8 25. Rfc1 Nd7 26. Nb5 Qg5 27. g3 a6 28.
Nd4 Bxd4 29. exd4 Qd5 30. f3 Qxd4+ 31. Qf2 Qxf2+ 32. Kxf2 b5 33. Be4 Rxc1 34.
Rxc1 Bxe4 35. Rc8+ Kh7 36. fxe4 Ne5 37. Ke3 Nc4+ 38. Kd4 Kg6 39. e5 Nd2 40. Ra8
Kf5 41. g4+ Kf4 42. Rxa6 Nf3+ 43. Kd3 Nxe5+ 44. Ke2 Ng6 45. Ra7 Ne5 46. Rb7 Kg3
47. Rxb5 Ng6 48. Rb7 Kxh3 49. Rxf7 Kxg4 50. Rxg7 Kg5 51. Kf3 h5 52. Ke4 e5 53.
Rg8 h4 54. Ra8 h3 55. Ra1 Kg4 56. Rg1+ Kh5 57. Kf5 Nh4+ 58. Ke4 Ng2 59. Kxe5 Kh4
60. Ke4 Kg3 61. Rh1 h2 62. Rf1 Nh4 63. Rh1 Kg2 64. Rd1 h1=Q 65. Rxh1 Kxh1 1/2-1/2

[Event "Women's Speed Chess Q2"]
[Site "chess.com INT"]
[Date "2020.06.19"]
[Round "8"]
[White "Xu, Yuanyuan"]
[Black "Kiolbasa, Oliwia"]
[Result "0-1"]
[WhiteTitle "WGM"]
[BlackTitle "WIM"]
[WhiteElo "2317"]
[BlackElo "2160"]
[WhiteFideId "8601089"]
[BlackFideId "1154613"]
[EventDate "2020.06.19"]

1. d4 d5 2. c4 dxc4 3. e3 Nf6 4. Bxc4 a6 5. Nf3 Nc6 6. O-O Bg4 7. Nc3 e6 8. h3
Bh5 9. Bd2 Bd6 10. Rc1 O-O 11. Be2 Qe7 12. a3 Rfd8 13. b4 Bg6 14. Qb3 e5 15. d5
Na7 16. Rfd1 Nc8 17. Na4 e4 18. Nd4 Qe5 19. g3 Nxd5 20. Bc4 Ndb6 21. Nxb6 Nxb6
22. Be2 Qd5 23. Qb2 Be5 24. Bc3 Na4 25. Qa1 Nxc3 26. Qxc3 Qd6 27. Qc5 Qxc5 28.
Rxc5 Bxd4 29. Rxd4 Rxd4 30. exd4 c6 31. Kf1 Rd8 32. Rc4 f6 33. Ke1 Bf7 34. Rc5
Rxd4 35. Bf1 Rd5 36. Rxd5 Bxd5 37. Kd2 Kf7 38. Ke3 Ke6 39. Kd4 Kd6 40. Bg2 f5
41. g4 g6 42. gxf5 gxf5 43. h4 b6 44. a4 c5+ 45. bxc5+ bxc5+ 46. Kc3 Ke5 47. a5
f4 48. Bf1 Bb7 49. Kc4 Kd6 50. Bg2 Bc6 51. Kc3 Kd5 52. Bf1 Bb5 53. Bg2 Ke5 54.
Bh3 f3 55. Kd2 Kf4 56. Bd7 Bxd7 57. Kc3 Bb5 58. Kb3 e3 59. fxe3+ Kxe3 60. Kc3 f2
61. Kc2 f1=Q 62. Kc3 Qd3+ 63. Kb2 Kd2 0-1

[Event "Women's Speed Chess Q2"]
[Site "chess.com INT"]
[Date "2020.06.19"]
[Round "8"]
[White "Berdychevskaya, Natasha"]
[Black "Nikulina, Alena"]
[Result "1-0"]
[WhiteTitle "WFM"]
[BlackTitle "WFM"]
[WhiteElo "2208"]
[BlackElo "1887"]
[WhiteFideId "4159322"]
[BlackFideId "4172051"]
[EventDate "2020.06.19"]

1. e4 c5 2. Nf3 d6 3. d4 cxd4 4. Nxd4 Nf6 5. Nc3 a6 6. a4 e5 7. Nf3 Be6 8. Be2
Be7 9. O-O Nc6 10. Re1 O-O 11. Bf1 Rc8 12. Nd5 Bg4 13. Nxe7+ Qxe7 14. c3 Rfd8
15. Bg5 h6 16. Bh4 g5 17. Bg3 Nh5 18. Qd3 Nf4 19. Bxf4 gxf4 20. Nd2 Kh7 21. Nc4
Be6 22. Nb6 Rc7 23. Nd5 Bxd5 24. exd5+ Kh8 25. dxc6 Rxc6 26. Rad1 d5 27. Qf5 Re6
28. f3 f6 29. Bd3 Red6 30. Qxf4 Qg7 31. Qg3 Qf7 32. Qg6 Qe7 33. Qxh6+ Kg8 34.
Qg6+ Kf8 35. Bf5 d4 36. cxd4 Rxd4 37. Rxd4 Rxd4 38. h4 Qf7 39. Qxf7+ Kxf7 40. h5
Rf4 41. Bg6+ Kg7 42. b3 Rb4 43. Re3 b5 44. axb5 axb5 45. g4 Rd4 46. Kg2 Rd1 47.
Kg3 Rg1+ 48. Kf2 Rb1 49. Rc3 Rb2+ 50. Ke3 b4 51. Rd3 Rc2 52. Ke4 Re2+ 53. Kd5
Rb2 54. Ke6 Rf2 55. Kf5 Rb2 56. Rd7+ Kg8 57. h6 Rxb3 58. Bf7+ Kh7 59. Bxb3+ Kh8
60. Rd8+ Kh7 61. Kxf6 Kxh6 62. Rh8# 1-0

[Event "Women's Speed Chess Q2"]
[Site "chess.com INT"]
[Date "2020.06.19"]
[Round "8"]
[White "Swati, Mohota"]
[Black "Bartel, Marta"]
[Result "0-1"]
[WhiteTitle "WFM"]
[BlackTitle "WGM"]
[WhiteElo "2027"]
[BlackElo "2192"]
[WhiteFideId "5006511"]
[BlackFideId "1123009"]
[EventDate "2020.06.19"]

1. d4 g6 2. c4 Bg7 3. Nc3 f5 4. e4 fxe4 5. Nxe4 Nf6 6. Bd3 O-O 7. Nf3 b6 8. O-O
Bb7 9. Qe2 e6 10. Nxf6+ Bxf6 11. Be4 Bxe4 12. Qxe4 Nc6 13. Rd1 Ne7 14. Bh6 Bg7
15. Bxg7 Kxg7 16. d5 exd5 17. cxd5 Nf5 18. Rac1 Rc8 19. Qe5+ Qf6 20. Qxf6+ Rxf6
21. Nd4 Nxd4 22. Rxd4 Rd6 23. f3 c5 24. Rd3 Re8 25. Kf2 Re5 26. Rcd1 g5 27. R1d2
Kf6 28. g3 Rf5 29. Ke3 Re5+ 30. Kf2 h6 31. Rd1 Ke7 32. g4 Rf6 33. Re3 Rxe3 34.
Kxe3 Kd6 35. Rd3 Rf8 36. Ra3 a5 37. Rd3 Re8+ 38. Kf2 Re5 39. h3 Rxd5 40. Re3
Rd2+ 41. Re2 Rxe2+ 42. Kxe2 Ke5 43. Ke3 d5 44. a4 d4+ 45. Ke2 Kf4 46. Kf2 c4 47.
Ke2 d3+ 48. Kf2 d2 49. Ke2 d1=Q+ 50. Kxd1 Kxf3 51. Kd2 Kg3 52. Ke3 Kxh3 53. Kf3
Kh4 54. Ke4 Kxg4 55. Kd4 h5 56. Kxc4 h4 57. Kb5 h3 58. Kxb6 h2 59. Kxa5 h1=Q 60.
b4 Qd5+ 61. b5 Kf5 62. Ka6 Qa8+ 63. Kb6 Qxa4 64. Kc7 Qxb5 65. Kd6 Qe5+ 66. Kd7
g4 67. Kc6 g3 68. Kb7 g2 69. Ka8 g1=Q 70. Kb7 Qb1+ 71. Kc6 Qc2+ 72. Kb6 Qeb2+ 0-1

[Event "Women's Speed Chess Q2"]
[Site "chess.com INT"]
[Date "2020.06.19"]
[Round "8"]
[White "Bulmaga, Irina"]
[Black "Gunina, Valentina"]
[Result "1-0"]
[WhiteTitle "IM"]
[BlackTitle "GM"]
[WhiteElo "2440"]
[BlackElo "2431"]
[WhiteFideId "13903063"]
[BlackFideId "4167570"]
[EventDate "2020.06.19"]

1. e4 c6 2. d3 d5 3. Nd2 e5 4. Ngf3 Bd6 5. d4 exd4 6. exd5 Nf6 7. dxc6 Nxc6 8.
Bb5 O-O 9. O-O Bc7 10. h3 Qd5 11. Bc4 Qd6 12. Re1 Bf5 13. Nf1 Rad8 14. Ng3 Bg6
15. Bd3 Bxd3 16. cxd3 Nd5 17. Nf5 Qf6 18. Ng3 Bxg3 19. fxg3 Qd6 20. Kh2 h6 21.
Bd2 Rfe8 22. Re2 Ne3 23. Bxe3 dxe3 24. Qg1 Ne7 25. Rxe3 Nf5 26. Rxe8+ Rxe8 27.
Qf2 Qxd3 28. Re1 Rxe1 29. Qxe1 Ne3 30. g4 b6 31. b3 a5 32. Kg1 f5 33. gxf5 Nxf5
34. Qe6+ Kh7 35. Qxb6 Ng3 36. Qf2 Ne2+ 37. Kh2 Qd6+ 38. g3 Qd3 39. Kg2 Qe4 40.
Kh2 Nc1 41. Nh4 Kg8 42. Nf5 Nd3 43. Qf1 Ne1 44. Nh4 g5 45. Ng2 Nf3+ 46. Kh1 Kg7
47. g4 Kg6 48. a4 Nh4 49. Kh2 Qe5+ 50. Kh1 Qd5 51. Kh2 Nf3+ 52. Kh1 Qxb3 53.
Qa6+ Kg7 54. Qa7+ Kf6 55. Qa6+ Ke5 56. Qxa5+ Ke4 57. Qa8+ Kd4 58. Qd8+ Kc3 59.
Qf6+ Kd2 60. Qd6+ Ke2 61. Qe7+ Kf2 62. Qa7+ Kg3 63. Qc7+ Kxh3 64. Qc1 Qb8 65.
Nf4+ gxf4 66. Qf1+ Kxg4 67. Qg2+ Kf5 68. Qxf3 Qb1+ 69. Kg2 Qa2+ 70. Kh3 1-0

[Event "Women's Speed Chess Q2"]
[Site "chess.com INT"]
[Date "2020.06.19"]
[Round "8"]
[White "Paehtz, Elisabeth"]
[Black "Miroshnik, Ekaterina"]
[Result "0-1"]
[WhiteTitle "IM"]
[BlackTitle "WFM"]
[WhiteElo "2473"]
[BlackElo "2139"]
[WhiteFideId "4641833"]
[BlackFideId "34127698"]
[EventDate "2020.06.19"]

1. d4 d6 2. Nf3 Nd7 3. c3 Ngf6 4. Bg5 e5 5. e3 Be7 6. Be2 O-O 7. O-O c6 8. Nbd2
Qc7 9. Bh4 b6 10. a4 Bb7 11. Nc4 Rfe8 12. Qc2 Bf8 13. Bg3 Nh5 14. Ng5 Nhf6 15.
Rfd1 h6 16. dxe5 dxe5 17. Nf3 a6 18. Qf5 g6 19. Qc2 b5 20. Ncd2 Bd6 21. Ne4 Nxe4
22. Qxe4 f5 23. Qh4 Kg7 24. Rd2 Be7 25. Qh3 Bf6 26. Rad1 Nf8 27. Rd6 Qe7 28. Nh4
Rad8 29. Rxd8 Rxd8 30. Rxd8 Qxd8 31. axb5 cxb5 32. Bf1 f4 33. exf4 exf4 34. Bxf4
Bxh4 35. Be3 Bg5 36. Bd4+ Bf6 37. Be3 Qd7 38. Qxh6+ Kf7 39. h4 Qf5 40. Be2 Qe4
41. Bf1 Qd5 42. Qf4 Ne6 43. Qb8 Bxh4 44. Qh8 Bf6 45. Qh7+ Ng7 46. Qh3 Bc6 47.
Qg4 Qd7 48. Qg3 Qe6 49. Qf4 Nf5 50. Qc7+ Ne7 51. Bc5 Qd7 52. Qb6 Qd5 53. Be3 Qe4
54. Bc5 Qd5 55. Be3 Be5 56. Bc5 Bd6 57. Bd4 Nf5 58. Qa7+ Be7 59. Bb6 Nd6 60. Qc7
Ne4 61. Be3 Nf6 62. f3 Qe6 63. Bf2 Bd5 64. Bd3 Bc4 65. Bc2 Nd5 66. Qb7 Qf6 67.
Qc6 Qxc6 0-1

[Event "Women's Speed Chess Q2"]
[Site "chess.com INT"]
[Date "2020.06.19"]
[Round "8"]
[White "Tereladze, Sopiko"]
[Black "Danielian, Elina"]
[Result "0-1"]
[WhiteTitle "WIM"]
[BlackTitle "GM"]
[WhiteElo "2141"]
[BlackElo "2407"]
[WhiteFideId "13600486"]
[BlackFideId "13300210"]
[EventDate "2020.06.19"]

1. d4 Nf6 2. Nf3 e6 3. Bf4 c5 4. c3 b6 5. e3 Bb7 6. Bd3 Be7 7. Nbd2 O-O 8. O-O
cxd4 9. exd4 d6 10. Re1 Re8 11. Qe2 Bf8 12. Ng5 Nbd7 13. Nde4 h6 14. Nxf6+ Nxf6
15. Ne4 Nd5 16. Bg3 f5 17. Nd2 Qc7 18. f4 a6 19. Nf1 Nf6 20. Bh4 Ne4 21. Nd2 d5
22. Rf1 Bd6 23. Bg3 b5 24. Nxe4 dxe4 25. Bc2 Bd5 26. Qe3 Rab8 27. a3 a5 28. Rfc1
Rec8 29. Bd1 Qb6 30. Be2 Rc7 31. a4 Bc4 32. axb5 Qxb5 33. Bxc4 Rxc4 34. Rc2 a4
35. Rac1 Qb3 36. Qd2 Rb5 37. Rd1 Kh7 38. Bf2 Qa2 39. Be3 Qb3 40. h3 Rc8 41. g4
Rcb8 42. gxf5 exf5 43. Kh1 Qc4 44. Rg1 R8b7 45. Qg2 Qd3 46. Qg6+ Kh8 47. Qe8+
Kh7 48. Qg6+ Kg8 49. Qe8+ Bf8 50. Qg6 Qxe3 51. Rcg2 Qxh3+ 52. Rh2 Qf3+ 53. Rhg2
e3 54. Qe6+ Rf7 55. Kh2 Qe4 56. Qxh6 e2 57. Qh4 e1=Q 58. Rxe1 Qf3 59. Reg1 Rb6
60. Rg3 Qe4 61. Rg5 Qe6 62. Kg2 Rxb2+ 63. Kh1 Qe3 64. R5g2 Qe4 65. Kh2 Rxg2+ 66.
Rxg2 a3 67. Qd8 Qxf4+ 68. Kh1 Qc1+ 69. Kh2 Qxc3 70. d5 Qe5+ 0-1

[Event "Women's Speed Chess Q2"]
[Site "chess.com INT"]
[Date "2020.06.19"]
[Round "8"]
[White "Khalafova, Narmin"]
[Black "Babiy, Olga"]
[Result "0-1"]
[WhiteTitle "WGM"]
[BlackTitle "WGM"]
[WhiteElo "2279"]
[BlackElo "2228"]
[WhiteFideId "13402625"]
[BlackFideId "14117258"]
[EventDate "2020.06.19"]

1. e4 c6 2. Nc3 d5 3. Nf3 dxe4 4. Nxe4 Nf6 5. Qe2 Nxe4 6. Qxe4 Qd5 7. Qe3 Bf5 8.
b3 e6 9. Bb2 Nd7 10. O-O-O Qa5 11. Kb1 O-O-O 12. g3 Bc5 13. d4 Ba3 14. Bg2 Bxb2
15. Kxb2 Nb6 16. Qd2 Qb5 17. Ka1 Nd7 18. c4 Qb6 19. Qc3 Kb8 20. Ng5 Bg6 21. Ne4
Qc7 22. Rhe1 h5 23. h4 Rhe8 24. Ng5 Nf6 25. Kb2 Ng4 26. Rd2 Bf5 27. Bf3 f6 28.
Bxg4 Bxg4 29. Ne4 b6 30. f4 Rd7 31. Nf2 Bf5 32. Qf3 Red8 33. Red1 g6 34. Qe3 Ka8
35. c5 b5 36. b4 Rd5 37. Ne4 Bxe4 38. Qxe4 e5 39. fxe5 fxe5 40. Qxg6 exd4 41.
Qe6 Kb7 42. Rd3 Qg7 43. Rf1 R8d7 44. Qe4 Qe7 45. Re1 Qxe4 46. Rxe4 a5 47. a3 a4
48. Re6 Rh7 49. Kc2 Rg7 50. Kd2 Rf7 51. Ke2 Kc7 52. Rf3 Rg7 53. Rff6 Rxg3 54.
Rxc6+ Kd7 55. Rcd6+ Rxd6 56. Rxd6+ Kc7 57. Rxd4 Rxa3 58. Rd5 Rb3 59. Rxh5 Rxb4
60. Rh7+ Kc6 61. Ra7 Rxh4 62. Kd3 Kxc5 63. Kc3 Rh3+ 64. Kb2 Kb4 65. Re7 Rh2+ 66.
Kb1 Kc3 67. Re3+ Kc4 68. Re4+ Kc5 69. Re5+ Kb6 70. Rg5 Ka5 71. Ka1 a3 72. Rg4 b4
73. Rf4 Ka4 74. Rf8 Kb3 0-1

[Event "Women's Speed Chess Q2"]
[Site "chess.com INT"]
[Date "2020.06.19"]
[Round "8"]
[White "Sharmin, Samiha Shimmi"]
[Black "Chirivi C, Angie Lizeth"]
[Result "1-0"]
[WhiteTitle "WCM"]
[BlackTitle "WFM"]
[WhiteElo "1812"]
[BlackElo "1999"]
[WhiteFideId "10203087"]
[BlackFideId "4402421"]
[EventDate "2020.06.19"]

1. e4 e5 2. Nf3 Nc6 3. Bc4 Bc5 4. O-O Nf6 5. d3 d6 6. a4 a6 7. h3 O-O 8. Re1 Ne7
9. c3 Ng6 10. Nbd2 Nf4 11. Nf1 Bxh3 12. gxh3 Nxh3+ 13. Kg2 Nxf2 14. Qe2 Qd7 15.
d4 exd4 16. Qxf2 dxc3 17. Qh4 Rae8 18. Ng5 h6 19. Nxf7 Rxf7 20. Bxf7+ Qxf7 21.
Ng3 Re5 22. Nf5 Nxe4 23. Rxe4 Qxf5 24. Rxe5 dxe5 25. bxc3 Qc2+ 26. Kh1 Qd1+ 27.
Kg2 Qg1+ 28. Kh3 Qf1+ 29. Kg4 Qe2+ 30. Kf5 Qd3+ 31. Kg4 Qxc3 32. Qd8+ Kh7 33.
Ra2 Qc4+ 34. Kf5 Qxa2 35. Qd3 Qf7+ 36. Kxe5+ Kg8 37. Qd8+ Bf8 38. Qd4 Qf6+ 39.
Ke4 Qe6+ 40. Kd3 Qf5+ 41. Kd2 h5 42. Bb2 Qg6 43. Qc4+ Kh7 44. Qf4 Qh6 45. Ke3
Qxf4+ 46. Kxf4 g6 47. Kg5 Be7+ 48. Kf4 Kh6 49. Be5 g5+ 50. Kf5 c6 51. Bc7 g4 52.
a5 g3 53. Bxg3 h4 54. Bh2 Kg7 55. Ke6 Kf8 56. Kd7 c5 57. Kc7 c4 58. Kxb7 c3 59.
Bf4 c2 60. Kxa6 h3 61. Kb7 h2 62. a6 h1=Q+ 63. Kb8 Qb1+ 64. Kc8 c1=Q+ 65. Bxc1
Qxc1+ 66. Kb7 Qb1+ 67. Kc8 Qa2 68. Kb7 Qb3+ 69. Kc8 Qa4 70. Kb7 1-0

[Event "Women's Speed Chess Q2"]
[Site "chess.com INT"]
[Date "2020.06.19"]
[Round "8"]
[White "Divya, Deshmukh"]
[Black "Perez Rodriguez, Jennifer"]
[Result "1-0"]
[WhiteTitle "WIM"]
[BlackTitle "WIM"]
[WhiteElo "2305"]
[BlackElo "2251"]
[WhiteFideId "35006916"]
[BlackFideId "3507831"]
[EventDate "2020.06.19"]

1. e4 e5 2. Nc3 Nf6 3. Bc4 Nc6 4. d3 Na5 5. Nge2 Nxc4 6. dxc4 d6 7. f3 Be7 8.
Be3 O-O 9. Qd2 Ne8 10. g4 Be6 11. b3 c6 12. g5 f5 13. h4 fxe4 14. fxe4 Bg4 15.
O-O-O g6 16. Rdg1 Bf3 17. Rh2 Ng7 18. Ng3 Nh5 19. Nxh5 Bxh5 20. Ne2 Qd7 21. Ng3
Bf3 22. h5 Rf7 23. hxg6 hxg6 24. Rh6 Kg7 25. Qh2 Rg8 26. Rh7+ Kf8 27. Rxf7+ Kxf7
28. Rf1 Qg4 29. Qf2 Ke6 30. Qxf3 Qxf3 31. Rxf3 Rh8 32. Rf1 Rh3 33. Rg1 d5 34.
exd5+ cxd5 35. cxd5+ Kxd5 36. Kd2 Bb4+ 37. c3 Bd6 38. c4+ Ke6 39. Ne4 Be7 40.
Rg2 Kf5 41. Nc5 Rxe3 42. Kxe3 Bxc5+ 43. Kf3 Be7 44. Rd2 Ke6 45. Ke4 Bxg5 46. Rd5
Bf4 47. c5 g5 48. Rd6+ Ke7 49. Rg6 Kd7 50. b4 Kc7 51. b5 Kd7 52. a4 Kc7 53. a5
Bd2 54. a6 bxa6 55. Rxa6 Kb7 56. Kxe5 g4 57. Rg6 Bc3+ 58. Kd6 g3 59. Kd7 Be5 60.
Rg5 Bf4 61. Rg4 Be5 62. Ke6 Bc7 63. Rg7 Kb8 64. Kd5 Kb7 65. Rg6 Kb8 66. Rg4 Kb7
67. Rg7 Kb8 68. Kc6 Bd8 69. Rxg3 Kc8 70. Rg8 a6 71. bxa6 Kb8 72. Rxd8+ Ka7 73.
Re8 Kxa6 74. Ra8# 1-0

[Event "Women's Speed Chess Q2"]
[Site "chess.com INT"]
[Date "2020.06.19"]
[Round "8"]
[White "Yip, Carissa"]
[Black "Tokhirjonova, Gulrukhbegim"]
[Result "0-1"]
[WhiteTitle "IM"]
[BlackTitle "WGM"]
[WhiteElo "2420"]
[BlackElo "2378"]
[WhiteFideId "2090732"]
[BlackFideId "14203626"]
[EventDate "2020.06.19"]

1. e4 e5 2. Nc3 Nc6 3. f4 d6 4. Bc4 Nf6 5. d3 Be7 6. Nf3 Bg4 7. Be3 Qd7 8. Qd2
O-O-O 9. Bb5 Bxf3 10. gxf3 a6 11. Ba4 exf4 12. Bxf4 d5 13. O-O-O Bb4 14. a3 Ba5
15. Qf2 Bxc3 16. bxc3 Qe6 17. Rhe1 dxe4 18. fxe4 Kb8 19. Qb6 Rc8 20. Bxc6 Qxc6
21. Qxc6 bxc6 22. Kd2 Rcd8 23. Rb1+ Kc8 24. Rb4 Rhe8 25. Bg5 Re6 26. e5 Rde8 27.
d4 Nd5 28. Rb3 f6 29. Bh4 fxe5 30. Reb1 exd4 31. cxd4 Re2+ 32. Kc1 Rxh2 33. Bg3
Rh1+ 34. Kb2 Rxb1+ 35. Kxb1 Kd7 36. Be5 g5 37. Rh3 Re7 38. Rh5 g4 39. Rg5 Ne3
40. Kc1 Rf7 41. Kd2 Nc4+ 42. Kd3 Nxa3 43. Rxg4 Nb5 44. c4 Na3 45. Rg3 c5 46.
dxc5 Kc6 47. Bb2 Rd7+ 48. Kc3 Nb1+ 49. Kc2 Nd2 50. Rg4 Kxc5 51. Ba3+ Kc6 52. Bb4
Nf3 53. Bc3 Re7 54. Rf4 Ne5 55. Rf6+ Kb7 56. Kb3 Nd7 57. Rh6 Nc5+ 58. Kb4 Ne4
59. Bd4 Rd7 60. Be3 Rd3 61. Bf4 Rf3 62. Be5 Rf7 63. Bd4 Ng5 64. Rh5 Nf3 65. Bc3
Re7 66. Kb3 Rd7 67. Rh6 Nd4+ 68. Kb4 Nc6+ 69. Kb3 a5 70. Ka4 Kb6 71. Rh5 Nb4 72.
Rb5+ Kc6 73. Rxa5 Nd3 74. Rh5 Kd6 75. Kb3 Ke6 76. Rh6+ Kf5 77. Rc6 Nf4 78. Rh6
Ng6 79. Bb4 Kg5 80. Rh2 h5 81. Bd2+ Kf5 82. Rxh5+ Ke4 83. Rh2 Ne5 84. Bc3 Nf3
85. Re2+ Kf4 86. c5 Ng5 87. Kc4 Ne4 88. Bb4 c6 89. Ba3 Rd5 90. Bb4 Ke5 91. Re1
Rd4+ 92. Kb3 Kd5 93. Bc3 Rd3 94. Rc1 Rxc3+ 95. Rxc3 Nxc3 96. Kxc3 Kxc5 97. Kc2
Kc4 98. Kc1 Kc3 99. Kd1 c5 100. Kc1 c4 101. Kd1 Kb2 102. Kd2 c3+ 0-1